Basic concepts in earth science (Record no. 5598)

MARC details
000 -LEADER
fixed length control field 00679nam a22001937a 4500
003 - CONTROL NUMBER IDENTIFIER
control field OSt
005 - DATE AND TIME OF LATEST TRANSACTION
control field 20251106063225.0
008 - FIXED-LENGTH DATA ELEMENTS--GENERAL INFORMATION
fixed length control field 251106b |||||||| |||| 00| 0 eng d
020 ## - INTERNATIONAL STANDARD BOOK NUMBER
International Standard Book Number 971-11-1020-2
040 ## - CATALOGING SOURCE
Original cataloging agency DWCL-Main lib
Transcribing agency OC
082 ## - DEWEY DECIMAL CLASSIFICATION NUMBER
Classification number Fil. 550 R288 1999
100 ## - MAIN ENTRY--PERSONAL NAME
Personal name Realuyo, Z.
245 ## - TITLE STATEMENT
Title Basic concepts in earth science
Statement of responsibility, etc. Realuyo, Zenaida M.
260 ## - PUBLICATION, DISTRIBUTION, ETC.
Place of publication, distribution, etc. Makati City, Philippines :
Name of publisher, distributor, etc. Goodwill Bookstore,
Date of publication, distribution, etc. c1999
300 ## - PHYSICAL DESCRIPTION
Extent xvi, 307 pages :
Other physical details illustration :
Dimensions 25 cm.
504 ## - BIBLIOGRAPHY, ETC. NOTE
Bibliography, etc. note Includes bibliographical references and index
700 ## - ADDED ENTRY--PERSONAL NAME
Personal name Del Pan-Ilarde, Isabelina
942 ## - ADDED ENTRY ELEMENTS (KOHA)
Source of classification or shelving scheme Dewey Decimal Classification
Koha item type Book-Filipiniana
Classification part Fil. 550 R288 1999
Call number prefix Fil.
Suppress in OPAC No
952 ## - LOCATION AND ITEM INFORMATION (KOHA)
--
Holdings
Withdrawn status Lost status Source of classification or shelving scheme Damaged status Not for loan Home library Current library Shelving location Date acquired Source of acquisition Cost, normal purchase price Total Checkouts Full call number Barcode Date last seen Copy number Price effective from Koha item type Uniform Resource Identifier
    Dewey Decimal Classification     College Library College Library Filipiniana 01/13/2006 School Fund 225.00   Fil. 550 R288 1999 CL42573 11/06/2025 c1 11/06/2025 BK - FIL